[Event "Maastricht Limburg op-C 8th"]
[Site "Maastricht"]
[Date "2014.06.08"]
[Round "5"]
[White "Van Dijk, Simon"]
[Black "Beusen, Frank"]
[Result "0-1"]
[WhiteElo "1347"]
[BlackElo "1433"]
[PlyCount "85"]
[EventDate "2014.06.06"]
[EventType "swiss"]
[EventRounds "7"]
[EventCountry "NED"]
[SourceTitle "EXT 2015"]
[Source "ChessBase"]
[SourceDate "2014.11.20"]
[SourceVersion "1"]
[SourceVersionDate "2014.11.20"]
[SourceQuality "1"]

1. d4 d5 2. Bf4 Nf6 3. Nf3 Nc6 4. Nbd2 g6 5. h3 Bg7 6. c3 Nh5 7. Bh2 f5 8. e3 Nf6 9. Be2 0-0 10. 0-0 Nd7 11. Ng5 Nf6 12. b4 a6 13. a4 Bd7 14. a5 h6 15. Ngf3 Ne4 16. Qb3 e6 17. Rfc1 Ne7 18. c4 c6 19. Ra2 Kh7 20. Ne5 Be8 21. f3 Nxd2 22. Rxd2 g5 23. f4 Bxe5 24. dxe5 gxf4 25. exf4 Rg8 26. Kh1 Bf7 27. Bg1 Qe8 28. Qe3 Rd8 29. Bf2 Bh5 30. Bh4 Rd7 31. Qc5 Bxe2 32. Rxe2 Ng6 33. Bg3 Nxe5 34. Rxe5 Rxg3 35. cxd5 Rxd5 36. Rxd5 exd5 37. Qf2 Qe3 38. Qf1 Qd4 39. Qe1 Rg7 40. Rc2 Qxf4 41. Rf2 Qg5 42. Qe5 Rf7 43. Qe8 0-1